The Joe Biden Presidency - Statistics

General Stats
  • This quiz has been taken 482 times
    248 since last reset
  • The average score is 16 of 20
Answer Stats
Hint Answer % Correct
His 2020 Election opponent Donald Trump
100%
President he served under as VP Barack Obama
98%
Religion (shared with John F. Kennedy) Catholic
98%
His Vice President Kamala Harris
97%
His current wife's name Jill
93%
Officially withdrew all U.S. troops from this country in 2021 Afghanistan
92%
Imposed severe sanctions on this country following its invasion of Ukraine Russia
91%
Ordered the Air Force to shoot down a suspected surveillance balloon from this country China
89%
Began his presidency during the second year of this global pandemic COVID-19
89%
Son who was convicted of felony gun charges and was eventually pardoned Hunter
89%
State he was Senator of from 1973-2009 Delaware
87%
City in Pennsylvania he was born in (hint: The Office) Scranton
74%
Signed the act that declared this a federal holiday Juneteenth
70%
Nickname of his oldest son, who died from brain cancer in 2015 Beau
69%
His middle name Robinette
69%
His Secretary of Transportation Pete Buttigieg
63%
He is the first President to officially recognize the genocide of this Asian country Armenia
56%
Federal judge he nominated to the Supreme Court Ketanji Brown Jackson
55%
Lost his Democratic ticket for the 1988 Election to this person Michael Dukakis
55%
His Attorney General Merrick Garland
43%
No matching quizzes found
Score Distribution
Percent of People with Each Score
Percentile by Number Answered
Your Score History
You have not taken this quiz since the last reset